000 01054nam a2200265 a 4500
001 000015083
005 20241130074013.0
008 100201s2003 dr ac 001 0 spa d
020 _a9993496308
040 _aDO-SdBNP
_bspa
_cBNPHU
082 _aRD860.44
_bP438zI
100 1 _aPérez, Odalís
_d1952-
_923828
245 1 3 _aLa identidad negada :
_blos caminos de la patria montonera /
_cOdalís G. Pérez.
260 _aSanto Domingo :
_bIdentidades vivas,
_c2003.
300 _a247 p. :
_bil., retrs. ;
_c23 cm.
490 1 _aNueva visión del pensamiento dominicano.
504 _aBibliografía : p. 227-231.
590 _aInventariado, 2018/LP
600 1 4 _aFRANCISCO, RAMÓN,
_d1929-
_tPATRIA MONTONERA
_934155
600 1 4 _aFRANCISCO, RAMÓN,
_d1929-
_xCRÍTICA E INTERPRETACIÓN
_923785
650 4 _aPoesía dominicana
_xHistoria y crítica
_ySIGLO XX
_923590
650 4 _aLiteratura dominicana
_xHistoria y crítica
_ySIGLO XX
_922986
830 0 _aNueva visión del pensamiento dominicano
_934156
910 _aValidado. Control de calidad BNPHU
999 _c14655
_d14655